00425nam a2200145Ia 4500008004100000020001800041041000800059082001500067100001900082245009100101260002800192300000800220365001600228700003500244230718s9999 xx 000 0 und d a9788184875836 aeng a519.4bDEC aDechaumphai P. aNumerical Methods In EngineeringbTheories With MATLAB, Fortran, C and Pascal Programs c2017bNarosa Publishing a489 cRs.b595.00 aDechaumphai P. & Wansophark N.